Home Print Resources E-Books E-Journals IIMT Lecture Series Library Membership Form Book Recommendation Form Campus Tour Take AdmissionAbout Us Contact Us

Industrial relation (Record no. 22143)

000 -LEADER
fixed length control field 00391nam a2200169Ia 4500
003 - CONTROL NUMBER IDENTIFIER
control field OSt
005 - DATE AND TIME OF LATEST TRANSACTION
control field 20240531123511.0
008 - FIXED-LENGTH DATA ELEMENTS--GENERAL INFORMATION
fixed length control field 170619s9999 xx 000 0 und d
020 ## - INTERNATIONAL STANDARD BOOK NUMBER
International Standard Book Number 9780074517703
040 ## - CATALOGING SOURCE
Transcribing agency IIMT ENGINEERING COLLEGE
100 ## - MAIN ENTRY--PERSONAL NAME
Personal name Monappa- Arun
245 #0 - TITLE STATEMENT
Title Industrial relation
260 ## - PUBLICATION, DISTRIBUTION, ETC.
Name of publisher, distributor, etc. New Delhi T M H
260 ## - PUBLICATION, DISTRIBUTION, ETC.
Date of publication, distribution, etc. 2004
546 ## - LANGUAGE NOTE
Language note ENGLISH
942 ## - ADDED ENTRY ELEMENTS (KOHA)
Source of classification or shelving scheme
Koha item type Book Bank
Holdings
Withdrawn status Lost status Source of classification or shelving scheme Damaged status Not for loan Home library Current library Date acquired Source of acquisition Cost, normal purchase price Total Checkouts Barcode Date last seen Price effective from Koha item type
          IIMT Engineering College-MBA IIMT Engineering College-MBA 06/21/2017 21 165.00   13-B-2433 06/23/2017 06/23/2017 Book Bank
          IIMT Engineering College-MBA IIMT Engineering College-MBA 06/21/2017 21 165.00   13-B-2434 06/23/2017 06/23/2017 Book Bank
          IIMT Engineering College-MBA IIMT Engineering College-MBA 06/21/2017 21 165.00   13-B-2435 06/23/2017 06/23/2017 Book Bank
          IIMT Engineering College-MBA IIMT Engineering College-MBA 06/21/2017 21 165.00   13-B-2436 06/23/2017 06/23/2017 Book Bank
          IIMT Engineering College-MBA IIMT Engineering College-MBA 06/21/2017 21 165.00   13-B-2740 06/23/2017 06/23/2017 Book Bank
          IIMT Engineering College-MBA IIMT Engineering College-MBA 06/21/2017 21 165.00   13-B-2741 06/23/2017 06/23/2017 Book Bank
          IIMT Engineering College-MBA IIMT Engineering College-MBA 06/21/2017 21 165.00   13-B-2742 06/23/2017 06/23/2017 Book Bank
          IIMT Engineering College-MBA IIMT Engineering College-MBA 06/21/2017 21 165.00   13-B-2743 06/23/2017 06/23/2017 Book Bank
IIMT, Central Library. All Rights Reserved IIMT,UNIVERSITY © 2023
Implemented and Customised by I CLOUDE EMS
You Are OPAC Visitor No
free web counter

Powered by Koha